Controller Design for an Autonomous Helicopter (Record no. 327348)

000 -LEADER
fixed length control field 00389 a2200133 4500
001 - CONTROL NUMBER
control field 92275
082 ## - DEWEY DECIMAL CLASSIFICATION NUMBER
Classification number PR 2522
090 ## - LOCALLY ASSIGNED LC-TYPE CALL NUMBER (OCLC); LOCAL CALL NUMBER (RLIN)
-- 44223
-- 44222
100 ## - MAIN ENTRY--PERSONAL NAME
Personal name Shan Abbas and Asim Munir; Prof Salman Aslam and Mansoor Ahsan (Advisors)
245 ## - TITLE STATEMENT
Title Controller Design for an Autonomous Helicopter
Number of part/section of a work 77 "B" EC
260 ## - PUBLICATION, DISTRIBUTION, ETC.
Place of publication, distribution, etc. Islamabad
Name of publisher, distributor, etc. NUST
Date of publication, distribution, etc. 2014
300 ## - PHYSICAL DESCRIPTION
Extent 85p.
500 ## - GENERAL NOTE
General note BE Project Reports
942 ## - ADDED ENTRY ELEMENTS (KOHA)
Institution code [OBSOLETE] CAE NUST
Call number prefix PR 2522
Holdings
Withdrawn status Lost status Damaged status Not for loan Collection code Permanent Location Current Location Date acquired Total Checkouts Full call number Barcode Date last seen Price effective from Koha item type
          College of Aeronautical Engineering (CAE) College of Aeronautical Engineering (CAE) 04/03/2017   PR 2522 CAEPR-2522 04/05/2017 04/05/2017 Book
© 2023 Central Library, National University of Sciences and Technology. All Rights Reserved.